000 00378nam a2200145Ia 4500
008 230917s9999||||xx |||||||||||||| ||und||
040 _e40682
_aMAIN
041 _aEnglish
082 _a968.91 B352S
100 _aBeach, D N
245 0 _aShona and Zimbabwe 900-1850: An outline of Shona history
260 _aLondon
_bHeinemann
_c1980
300 _axiv, 422 p.
942 _cBK
999 _c225782
_d225782